书目信息 |
| 题名: |
GIS分析、设计与项目管理
|
|
| 作者: | 孔云峰 , 林珲 著 | |
| 分册: | ||
| 出版信息: | 北京 科学出版社 2005.07 |
|
| 页数: | 254页 | |
| 开本: | 24cm | |
| 丛书名: | ||
| 单 册: | ||
| 中图分类: | P208 | |
| 科图分类: | ||
| 主题词: | 地理信息系统--di li xin xi xi tong | |
| 电子资源: | ||
| ISBN: | 7-03-015772-9 | |
| 000 | 00831nam0 2200241 450 | |
| 001 | 012007133884 | |
| 005 | 20071010152931.40 | |
| 010 | @a7-03-015772-9@dCNY33.00 | |
| 100 | @a20070806d2005 km y0chiy0120 ea | |
| 101 | 0 | @achi |
| 102 | @aCN@b110000 | |
| 105 | @aa a 000yy | |
| 200 | 1 | @aGIS分析、设计与项目管理@AGIS fen xi、she ji yu xiang mu guan li@f孔云峰, 林珲著@Fkong yun feng,lin hui zhu |
| 210 | @a北京@c科学出版社@d2005.07 | |
| 215 | @a254页@c图@d24cm | |
| 320 | @a有书目 (第250-254页)。 | |
| 330 | @a本书重点讨论GIS分析、设计与项目管理的原理与方法。重点讨论了GIS功能与应用设计、结构设计、空间数据库设计、用户界面设计等。 | |
| 606 | 0 | @a地理信息系统@Adi li xin xi xi tong |
| 690 | @aP208@v4 | |
| 701 | 0 | @a孔云峰@Akong yun feng@4著 |
| 701 | 0 | @a林珲@Alin hui@4著 |
| 801 | 0 | @aCN@c20071010 |
| 905 | @dP208@eK781 | |
| GIS分析、设计与项目管理/孔云峰, 林珲著.-北京:科学出版社,2005.07 |
| 254页:图;24cm |
| ISBN 7-03-015772-9:CNY33.00 |
| 本书重点讨论GIS分析、设计与项目管理的原理与方法。重点讨论了GIS功能与应用设计、结构设计、空间数据库设计、用户界面设计等。 |
| ● |
| 相关链接 |
|
|
|
正题名:GIS分析、设计与项目管理
索取号:P208/K781
 
预约/预借
| 序号 | 登录号 | 条形码 | 馆藏地/架位号 | 状态 | 备注 |
| 1 | 253772 | 202537727 | 社科二线400B/400B社科库 5排3列6层/ [索取号:P208/K781] | 在馆 | |
| 2 | 253773 | 202537736 | 自科库401/401自科库 115排1列6层/ [索取号:P208/K781] | 在馆 | |
| 3 | 253774 | 202537745 | 社科二线400B/400B社科库 5排3列6层/ [索取号:P208/K781] | 在馆 |